000 00513nam a2200145Ia 4500
008 240126s9999 xx 000 0 und d
041 _aEnglish
082 _aLIBRARY-XXII
245 0 _aInternational Journal of Digital Library Systems and Technology (2012 -
260 _bGlobal Research Publications
_aNew Delhi
440 _aNULL
650 _aComputer Science, Information Science,Computer Application
650 _aDigital,(2012,-,Computer Science,Information Science,Computer Application
942 _cJN
999 _c273361
_d273361